000 00579nam a22001817a 4500
003 JO-AjAnu
005 20240429113833.0
008 240429b jo ||||| |||| 00| 0 ara d
040 _aJO-AjAnu
_cJO-AjAnu
041 _aara
050 _aJC348.S5234
_b2003
100 1 _aشطناوي، فيصل
_953193
245 2 0 _aالنظم السياسية والقانون الدستوري /
_c فيصل شطناوي
260 _aعمان :
_bدار الحامد للنشر،
_c2002
300 _a363صفحة
650 7 0 _aالقانون الدستوري
_921483
942 _2lcc
_cBK
_n0
999 _c33464
_d33464